| 000 | 00702nam a2200205Ia 4500 | ||
|---|---|---|---|
| 001 | 15238 | ||
| 003 | GE_BSU | ||
| 008 | 181216s||||||||xx |||||||||||||| ||und|| | ||
| 040 | _cGE_BSU | ||
| 080 | _a821.133.1-32 | ||
| 100 | _aჩიქოვანი,გრიგოლ | ||
| 245 | _aთხზულებანი ორ ტომად. მოთხრობები.ტ.2 | ||
| 245 | _cრედ.დ.ივარდავა. მხატვ.ო.ჯიშკარიანი | ||
| 260 | _aთბილისი | ||
| 260 | _bსაბჭოთა საქართველო | ||
| 260 | _c1973 | ||
| 300 | _a676გვ.20სმ. | ||
| 653 | _aთხზულებანი | ||
| 942 | _cBK | ||
| 999 |
_c48350 _d48350 |
||